1908 1095 1128 1804 1951 1243 1731 1069 1048 1770 1460 1101 1056 1897 1151 1282 1887 1829 1992 1736 1710 1414 1252 1751 1488 1239 1678 1091 1172 1027 1520 1382 1686 1421 1843 1619 1135 1994 1517 1689 1264 1954 1269 1678 1034 1764 1014 1960 1357 1378 1537 1752 1030 1060 1490 1553 1676 1697 1552 1386 1079 1140 1296 1795 1480 1853 1169 1690 1350 1748 1499 1594 1808 1120 1665 1947 1657 1839 1187 1607 1806 1685 1063 1175 1124 1253 1224 1798 1138 1393 1424 1549 1426 1033 1020 1280 1099 1801 1339 BCNSPRNW ULIB Ver.6.0+V

เปลี่ยนเป็นภาษาไทย

Change to English
 แสดงรายละเอียดบรรณานุกรม
  กลับหน้าหลัก

Brief Record : Get Marc (ISO 2709) : E-mail record : QR code < ปิดหน้าต่าง
LEADER : 00000nam 2200000uu 4500
001    13399112363
003     ULIB
008    110807s2553||||th 000 0 tha d
020    9786165512053
060 04 WB300^bม875
245 00 Manual of medical therapeutics /^cบรรณาธิการ, ชุษณา สวนกระต่าย, กมล แก้วกิติณรงค์, กมลวรรณ จุติวรกุล
250    พิมพ์ครั้งที่ 1
260    กรุงเทพฯ :^bโรงพิมพ์แห่งจุฬาลงกรณ์มหาวิทยาลัย,^c2553
300    533 หน้า ;^c22 ซม.
490 0  โครงการตำราจุฬาอายุรศาสตร์
650  2 Therapeutics
650  4 การรักษาอายุรศาสตร์^xคู่มือ
650  4 การรักษาโรค
700 0  ชุษณา สวนกระต่าย,^eบรรณาธิการ
700 0  กมล แก้วกิติณรงค์ ,^eบรรณาธิการ
700 0  กมลวรรณ จุติวรกุล,^eบรรณาธิการ
710 2  จุฬาลงกรณ์มหาวิทยาลัย. ^bคณะแพทยศาสตร์.^bภาควิชาอายุรศาสตร์
945    ^p200^l0^i18482
945    ^p200^l0^i18483
945    ^p200^l0^i18484
945    ^p200^l0^i18485
945    ^p200^l0^i19645
945    ^p200^l0^i19646
945    ^p200^l0^i19647
945    ^p200^l0^i21542
945    ^p200^l0^i21543
945    ^p200^l0^i21544
945    ^p200^l0^i21545
945    ^p200^l0^i21546
995    ทศพร
999 ^a ใช้งานได้ทุกระบบ
รายการนี้ยังไม่มีแท็ก
คุณยังไม่ได้ล็อกอิน คุณสามารถมีกิจกรรมร่วมกับเว็บไซต์ได้ แต่ต้องล็อกอินก่อน ::
  ล็อกอิน

รายการสื่อสารสนเทศ

ลำดับที่ ประเภท เลขเรียก/บาร์โค้ด สถานที่ สถานะ
1. วิทยาศาสตร์การแพทย์ และสุขภาพ
วิทยาศาสตร์การแพทย์ และสุขภาพ
สถานะ=หนังสือเก่า
WB300 ม875  
  Barcode: 18482
ห้องสมุดวิทยาเขตนครสวรรค์
►ส่วนจัดเก็บหนังสือเก่า นว.
บนชั้น
  ขอยืม
2. วิทยาศาสตร์การแพทย์ และสุขภาพ
วิทยาศาสตร์การแพทย์ และสุขภาพ
สถานะ=หนังสือเก่า
WB300 ม875 ฉ.10 
  Barcode: 21544
ห้องสมุดวิทยาเขตนครสวรรค์
►ส่วนจัดเก็บหนังสือเก่า นว.
บนชั้น
  ขอยืม
3. วิทยาศาสตร์การแพทย์ และสุขภาพ
วิทยาศาสตร์การแพทย์ และสุขภาพ
สถานะ=หนังสือเก่า
WB300 ม875 ฉ.11 
  Barcode: 21545
ห้องสมุดวิทยาเขตนครสวรรค์
►ส่วนจัดเก็บหนังสือเก่า นว.
บนชั้น
  ขอยืม
4. วิทยาศาสตร์การแพทย์ และสุขภาพ
วิทยาศาสตร์การแพทย์ และสุขภาพ
สถานะ=หนังสือเก่า
WB300 ม875 ฉ.12 
  Barcode: 21546
ห้องสมุดวิทยาเขตนครสวรรค์
►ส่วนจัดเก็บหนังสือเก่า นว.
บนชั้น
  ขอยืม
5. วิทยาศาสตร์การแพทย์ และสุขภาพ
วิทยาศาสตร์การแพทย์ และสุขภาพ
สถานะ=หนังสือเก่า
WB300 ม875 ฉ.2 
  Barcode: 18483
ห้องสมุดวิทยาเขตนครสวรรค์
►ส่วนจัดเก็บหนังสือเก่า นว.
บนชั้น
  ขอยืม
6. วิทยาศาสตร์การแพทย์ และสุขภาพ
วิทยาศาสตร์การแพทย์ และสุขภาพ
สถานะ=หนังสือเก่า
WB300 ม875 ฉ.3 
  Barcode: 18484
ห้องสมุดวิทยาเขตนครสวรรค์
►ส่วนจัดเก็บหนังสือเก่า นว.
บนชั้น
  ขอยืม
7. วิทยาศาสตร์การแพทย์ และสุขภาพ
วิทยาศาสตร์การแพทย์ และสุขภาพ
สถานะ=หนังสือเก่า
WB300 ม875 ฉ.4 
  Barcode: 18485
ห้องสมุดวิทยาเขตนครสวรรค์
►ส่วนจัดเก็บหนังสือเก่า นว.
บนชั้น
  ขอยืม
8. วิทยาศาสตร์การแพทย์ และสุขภาพ
วิทยาศาสตร์การแพทย์ และสุขภาพ
สถานะ=หนังสือเก่า
WB300 ม875 ฉ.5 
  Barcode: 19645
ห้องสมุดวิทยาเขตนครสวรรค์
►ส่วนจัดเก็บหนังสือเก่า นว.
บนชั้น
  ขอยืม
9. วิทยาศาสตร์การแพทย์ และสุขภาพ
วิทยาศาสตร์การแพทย์ และสุขภาพ
สถานะ=หนังสือเก่า
WB300 ม875 ฉ.6 
  Barcode: 19646
ห้องสมุดวิทยาเขตนครสวรรค์
►ส่วนจัดเก็บหนังสือเก่า นว.
บนชั้น
  ขอยืม
10. วิทยาศาสตร์การแพทย์ และสุขภาพ
วิทยาศาสตร์การแพทย์ และสุขภาพ
สถานะ=หนังสือเก่า
WB300 ม875 ฉ.7 
  Barcode: 19647
ห้องสมุดวิทยาเขตนครสวรรค์
►ส่วนจัดเก็บหนังสือเก่า นว.
บนชั้น
  ขอยืม
11. วิทยาศาสตร์การแพทย์ และสุขภาพ
วิทยาศาสตร์การแพทย์ และสุขภาพ
สถานะ=หนังสือเก่า
WB300 ม875 ฉ.8 
  Barcode: 21542
ห้องสมุดวิทยาเขตนครสวรรค์
►ส่วนจัดเก็บหนังสือเก่า นว.
บนชั้น
  ขอยืม
12. วิทยาศาสตร์การแพทย์ และสุขภาพ
วิทยาศาสตร์การแพทย์ และสุขภาพ
สถานะ=หนังสือเก่า
WB300 ม875 ฉ.9 
  Barcode: 21543
ห้องสมุดวิทยาเขตนครสวรรค์
►ส่วนจัดเก็บหนังสือเก่า นว.
บนชั้น
  ขอยืม

รายการใกล้เคียง
    หัวเรื่อง [Therapeutics]
    หัวเรื่อง [การรักษาโรค]

BibComment


ยังไม่เคยถูกคอมเมนท์

คอมเมนท์ทรัพยากรรายการนี้
  คอมเมนท์: Manual of medical..


 Copyright 2026. Bcnsprnw @Library